[Event "Quebec-ch qual2"]
[Site "Montreal"]
[Date "2005.05.13"]
[Round "1"]
[White "Lacroix, Serge"]
[Black "Louis, Jean Kenel"]
[Result "1-0"]
[WhiteElo "1977"]
[BlackElo "1556"]
[PlyCount "75"]
[EventDate "2005.05.13"]
[EventType "swiss"]
[EventRounds "5"]
[EventCountry "CAN"]
[SourceTitle "CBM 106 Extra"]
[Source "ChessBase"]
[SourceDate "2005.07.01"]
[SourceVersion "1"]
[SourceVersionDate "2005.07.01"]
[SourceQuality "1"]

1. e4 g6 2. d4 Bg7 3. Nf3 d6 4. Nc3 c6 5. Bd3 d5 6. Be3 Bg4 7. e5 Qb6 8. Rb1 e6 9. h3 Bxf3 10. Qxf3 h5 11. 0-0 Nd7 12. Ne2 Nh6 13. Nf4 0-0 14. Qg3 Nf5 15. Bxf5 exf5 16. e6 Nf6 17. exf7+ Rxf7 18. Qxg6 h4 19. Ne6 Ne8 20. Ng5 Rf6 21. Qh7+ Kf8 22. Qxh4 Kg8 23. c3 Nd6 24. Bf4 Raf8 25. Qg3 Rd8 26. Bxd6 Rfxd6 27. Rfe1 Rg6 28. Re6 Rxe6 29. Nxe6 Rd7 30. Nxg7 Rxg7 31. Qb8+ Kh7 32. Qf8 Kg6 33. Re1 c5 34. dxc5 Qc6 35. Re3 Kh6 36. Qxf5 Rg6 37. Qf4+ Rg5 38. h4 1-0

[Event "Quebec-ch U1800"]
[Site "Repentigny"]
[Date "2003.11.23"]
[Round "5"]
[White "Louis, Jean Kenel"]
[Black "Lawson, Jonathan"]
[Result "0-1"]
[WhiteElo "1619"]
[BlackElo "1684"]
[PlyCount "50"]
[EventDate "2003.11.21"]
[EventType "swiss"]
[EventRounds "5"]
[EventCountry "CAN"]
[SourceTitle "EXT 2022"]
[Source "ChessBase"]
[SourceDate "2021.10.06"]
[SourceVersion "1"]
[SourceVersionDate "2021.10.06"]
[SourceQuality "1"]

1. Nf3 Nf6 2. g3 g6 3. Bg2 Bg7 4. 0-0 d6 5. d3 0-0 6. e4 e5 7. Nbd2 Nc6 8. c3 Ne8 9. Nh4 f5 10. Qb3+ Kh8 11. exf5 gxf5 12. Qd1 Nf6 13. Ndf3 Rg8 14. Ng5 Qe8 15. Qb3 h6 16. Nh3 Bf8 17. Bd2 f4 18. Rfe1 Qh5 19. Qd1 Bg4 20. Bf3 Qxh4 21. Bxg4 Rxg4 22. f3 Rxg3+ 23. hxg3 Qxg3+ 24. Kh1 Qxh3+ 25. Kg1 Be7 0-1